| 000 | 00943cam a22003017a 4500 | ||
|---|---|---|---|
| 003 | CHAP | ||
| 005 | 20220329141457.0 | ||
| 008 | 971013s1988 r 00010 d | ||
| 010 | _a68776 | ||
| 011 | _a69748 | ||
| 035 | _a79226 | ||
| 040 | _cCHAP | ||
| 082 |
_a001.535 _bP5 |
||
| 100 | 0 | 0 |
_aPitrat, J. _988592 |
| 245 | 1 | 3 |
_aAn artificial intelligence _b: approach to understanding natural language |
| 260 |
_aLondon : _bNorth Oxford Academic, _c1988 |
||
| 300 | _a161 p. | ||
| 500 | _a31-172 | ||
| 590 |
_aBATCH-UPD _b10 _c20130110 _lUCH01 _h0824 |
||
| 590 |
_aBATCH-UPD _b10 _c20130410 _lUCH01 _h0502 |
||
| 590 |
_aBATCH-UPD _b10 _c20130914 _lUCH01 _h1650 |
||
| 590 |
_aCONVERSION _b10 _c20130109 _lUCH01 _h1338 |
||
| 650 | 1 | 4 |
_aInteligencia artificial. _959507 |
| 650 | 1 | 4 |
_aProgramación (Computadoras) _992368 |
| 901 | _aBK | ||
| 942 | _cLIBRO | ||
| 949 |
_a001.535 P5 _bBC _cLIBRO _d33724000225819 _eLIBRO _gI.144470 _h75185 _i79226 _si _t117.80 |
||
| 999 |
_c68776 _d68776 |
||